Интелектуалците през Средновековието (Запис номер 52422)
[ съкратено ]
| 000 -Лидер | |
|---|---|
| Контролно поле с фиксирана дължина | nam a22 a 4500 |
| 003 - Код на организацията, давaща контролен номер | |
| Контролно поле | BLK |
| 005 - Дата и час на последна редакция | |
| Контролно поле | 20230413152136.0 |
| 008 - Елементи от данни с фиксирана дължина | |
| fixed length control field | 180408b bul|||||r ||||||| ||bul|| |
| 010 ## - Наследен системен номер | |
| LC control number | KNG00056346000 |
| 020 ## - Международен стандартен номер на книга ISBN | |
| Международен стандартен номер на книга ISBN | 954-07-01158-9 |
| 040 ## - Източник на каталожния запис | |
| Идентификатор на билиотеката - собственик на записа | BLK |
| 041 ## - Код за език | |
| Код за езика на текст/звукозапис или на отделно заглавие | Български |
| Код за езика КДБФ | Български |
| 080 ## - УДК | |
| Текстов определител УДК | История на Европа. Средни векове (375-1492) |
| УДК код - определител по УДК | 940.1 |
| УДК - код + определител | 940.1 |
| 080 ## - УДК | |
| Текстов определител УДК | Наука. Наукознание. Организация на умствения труд |
| УДК код - определител по УДК | 001 |
| УДК определител | (091) |
| УДК - код + определител | 001(091) |
| 100 1# - Редна дума - Автор | |
| Автор | Льо Гоф, Жак |
| Авторска отговорност | първи автор |
| R(LIN) | 262956 |
| 139 ## - Редно поле | |
| Редна дума | Льо Гоф, Жак |
| Авторски знак | Лъч - Л 94 |
| 245 10 - Сведения за заглавието | |
| Заглавие | Интелектуалците през Средновековието |
| Редно поле (дума) | Жак Льо Гоф; прев. от фр. Мария Дракова. |
| 257 ## - Страна на издаване | |
| Страна на създаване/издаване | Франция |
| 260 ## - Област на издателските данни | |
| Място на издаване, разпространение и проч. | София |
| Име на издателя, разпространителя и проч. | Унив. изд. Св. Климент Охридски |
| Година на издаване | 1993 |
| 300 ## - Физическа характеристика | |
| Страници | 160 с. |
| Размери/Мащаб | 23 см |
| 380 ## - Жанр | |
| Жанр | История |
| 490 ## - СЕРИИ (Колекции) | |
| Име на серия | Библиотека Идеи |
| 9 (RLIN) | 202260 |
| 500 ## - Общи забележки | |
| Забележка | Ориг. загл. Les intellectuels au Moyen age / Jaques le Goff. - Офс. изд. - 3 065 тир. |
| 650 #4 - Допълнително описание по предмет – тема | |
| Основно описание – тема или топоним | Военни униформи, руски - албуми |
| 9 (RLIN) | 271891 |
| 650 #4 - Допълнително описание по предмет – тема | |
| Основно описание – тема или топоним | Наука - история |
| 9 (RLIN) | 244173 |
| 650 #4 - Допълнително описание по предмет – тема | |
| Основно описание – тема или топоним | Интелигенция - Европа |
| 9 (RLIN) | 280327 |
| 653 ## - Ключова дума – ненормативна | |
| Ключова дума | Средновековие |
| 653 ## - Ключова дума – ненормативна | |
| Ключова дума | интелектуалци |
| 653 ## - Ключова дума – ненормативна | |
| Ключова дума | интелигенция |
| 653 ## - Ключова дума – ненормативна | |
| Ключова дума | история |
| 653 ## - Ключова дума – ненормативна | |
| Ключова дума | наука |
| 653 ## - Ключова дума – ненормативна | |
| Ключова дума | Европа |
| 700 1# - Други автори (авторска отговорност) | |
| Лично име | Дракова, Мария |
| Автороска отговорност (Описва отношението между автора и произведението) | прев. от фр. |
| 9 (RLIN) | 65282 |
| 852 ## - Местоположение | |
| Форматна сигнатура | Цб 173100 |
| Фондова буква | Хранилище |
| 856 4# - Електронен адрес и достъп | |
| Електронен формат | pdf - файл |
| Инструкция (цена за достъп) | 0.00 |
| Права за достъп | disable |
| 856 4# - Електронен адрес и достъп | |
| Електронен формат | pdf - файл |
| Инструкция (цена за достъп) | 0.00 |
| Права за достъп | disable |
| 999 ## - СИСТЕМНИ КОНТРОЛНИ НОМЕРА | |
| Koha biblionumber | 52422 |
| Koha biblioitemnumber | 52422 |
| 942 ## - АРТИКУЛИ | |
| Вид на библиотечния материал | Книги |
| Скрит в OPAC | Не |
| Koha issues (borrowed), all copies | 5 |
| Периодичен библиозапис | Да |
| 944 ## - СЪЗДАВАНЕ И РЕДАКЦИЯ на ЗАПИСА | |
| Създаване/Редакция | Създаване |
| Дата на регистрацията/редакция | 03.11.2005 |
| Служител, извършил регистрацията/редакцията | Людмила_Стоянова |
| 944 ## - СЪЗДАВАНЕ И РЕДАКЦИЯ на ЗАПИСА | |
| Създаване/Редакция | Редакция |
| Дата на регистрацията/редакция | 17.11.2005 |
| 999 ## - СИСТЕМНИ КОНТРОЛНИ НОМЕРА | |
| Koha biblioitemnumber | 52422 |
| Код за отписване | Код за изгубен артикул | Източник на класификационната схема | Код за повреда | Коз за рестрикции | Код за отдаване | Артикулен № | Име на библиотеката - собственик | Име на библиотеката, в която се намира в момента | Статус (Текущо местоположение) | Дата на вписване в системата | Местоположение - отдел | Цена в лева | Инвентарен номер | Систематично азбучна сигнатура | Баркод | Номер на екземпляра | Цена в евро | Служебна бележка | Служебен тип на артикула |
|---|---|---|---|---|---|---|---|---|---|---|---|---|---|---|---|---|---|---|---|
| Не е изгубен | Universal Decimal Classification | Не е повреден | без рестрикции | заемане за дома | 82441 | Регионална библиотека "Любен Каравелов" Русе | Регионална библиотека "Любен Каравелов" Русе | Заемна - подръчен фонд | 2005-11-03 | Заемна - подръчен фонд | 2.50 | 120000697758 | 94(4)/ Л94 Ж | 120000697758 | 1 | 1.28 | Дост: DA Вид: А N: 24 Дата: 02.11.2005 Дата инв: 06.02.2018 Бележки инв: П2018 | Книги | |
| Не е изгубен | Universal Decimal Classification | Не е повреден | без рестрикции | ползва се в читалня | 82442 | Регионална библиотека "Любен Каравелов" Русе | Регионална библиотека "Любен Каравелов" Русе | Хранилище | 1993-01-01 | Хранилище | 0.88 | 579184 | Цб 173100 | 120000579184 | 2 | 0.45 | Дост: Dp Вид: Д N: стар фонд Дата: 01.01.1993 | Книги | |
| Изтеглен | Не е изгубен | Universal Decimal Classification | Не е повреден | без рестрикции | заемане за дома | 82443 | Регионална библиотека "Любен Каравелов" Русе | Регионална библиотека "Любен Каравелов" Русе | Заемна - подръчен фонд | 1993-01-01 | Заемна - подръчен фонд | 1.75 | 580878 | П 940/Л 94 | 580878 | 3 | 0.89 | Дост: Pk Вид: Ф N: стар фонд Дата: 01.01.1993 | Книги |
| Изтеглен | Не е изгубен | Universal Decimal Classification | Не е повреден | без рестрикции | заемане за дома | 82444 | Регионална библиотека "Любен Каравелов" Русе | Регионална библиотека "Любен Каравелов" Русе | Заемна - подръчен фонд | 1993-01-01 | Заемна - подръчен фонд | 1.75 | 580879 | П 940/Л 94 | 580879 | 4 | 0.89 | Дост: Pk Вид: Ф N: стар фонд Дата: 01.01.1993 Дата инв: 16.02.2018 Бележки инв: П2018 | Книги |